Handbook of international law (Record no. 346)

MARC details
000 -LEADER
fixed length control field 00456cam a2200181ua 4500
008 - FIXED-LENGTH DATA ELEMENTS--GENERAL INFORMATION
fixed length control field 110331n ii |||gr||||Z||||||eng
040 ## - CATALOGING SOURCE
Transcribing agency MAIN
082 ## - DEWEY DECIMAL CLASSIFICATION NUMBER
Classification number 341
245 1# - TITLE STATEMENT
Title Handbook of international law
Statement of responsibility, etc. by Usha Saxena
250 ## - EDITION STATEMENT
Edition statement 2nd.
260 ## - PUBLICATION, DISTRIBUTION, ETC.
Place of publication, distribution, etc. Lucknow:
Name of publisher, distributor, etc. Prakashan,970.
300 ## - PHYSICAL DESCRIPTION
Extent xii, 476p:
Dimensions 35cm.
700 ## - ADDED ENTRY--PERSONAL NAME
Personal name Saxena, Usha.,
Relator term
942 ## - ADDED ENTRY ELEMENTS (KOHA)
Koha item type Books
653 ## - INDEX TERM--UNCONTROLLED
Uncontrolled term Political science
653 ## - INDEX TERM--UNCONTROLLED
Uncontrolled term Handbook of international law
Holdings
Withdrawn status Lost status Damaged status Not for loan Home library Current library Shelving location Date acquired Total Checkouts Full call number Barcode Date last seen Copy number Price effective from Koha item type
        Naharkatiya College Library Naharkatiya College Library   19/09/2020   341 | SAX 1122 19/09/2020 1 19/09/2020 Books

Naharkatiya College © 2020. All rights reserved.

Powered By